00577nam a22001697a 450000500170000002000230001702000260004008200060006610000290007224500590010124600290016026000370018927001080022630000360033494200200037099900170039020120112093227.0 a8181466802c135.00 a9788181466808c135.00 aS aRajendran, Sowmya938985 aThe Snow King's DaughtercSowmya Rajendran, Proiti Roy aThe Snow King's Daughter aChennaibTulika Publishersc2009 aTulika Publishers, 13 Prithvi Avenue First Street, AbhiramapurambChennaie600018mtulikabooks@vsnl.com aUnpagedbCol. ill c25 cm (pbk) 2ddccCHhSmRAJ c60748d60748